LEADER 01040cam0 22002413 450 001 SOB0000001460 005 20230726095355.0 100 $a20010207d1877 |||||ita|0103 ba 101 $aita 102 $aIT 200 1 $aNotizie statistiche sull'arresto personale per debiti civili e commerciali nel Regno d'Italia durante il Decennio 1866-75$fRaccolte per cura del Ministro guardasigilli Mancini 210 $aRoma$cStamperia Reale$d1877 215 $aXXIV, 64 p.$d29 cm 700 1$aMancini$b, Pasquale Stanislao$3AF00004597$4070$0446854 801 0$aIT$bUNISOB$c20230726$gRICA 850 $aUNISOB 852 $aUNISOB$j340|Coll|5|K$m53286 912 $aSOB0000001460 940 $aM 102 Monografia moderna SBN 941 $aM 957 $a340|Coll|5|K$b000031$gSI$d53286$rACQUISTO$1Alfano$2UNISOB$3UNISOB$420230704101357.0$520230726095339.0$6Alfano$fFotocopia dell'originale 996 $aNotizie statistiche sull'arresto personale per debiti civili e commerciali nel Regno d'Italia durante il Decennio 1866-75$91678740 997 $aUNISOB